00522nam a2200193 a 4500001001300000003000900013005001700022008004100039020000900080082002000089100001700109245003000126260004200156300000900198500003500207505005000242650001900292700001700311nice12345678IN_TiNIC20260116012448.0050524s1984 dela grp 000 0 eng  ac7000a297.095491bIQB aIqbal, Afzal aIslamization of Pakistan. aDelhibIdara-I-Adabiyat-I-Dillic1984 a160p aincludes index and biblioraphy2 aIAD Religio-Philosophy(original) series no.14 aIslam-Pakistan1 aIqbal, Afzal